Premio nacional a la calidad (Registro nro. 2581)
[ vista simple ]
| 000 -LEADER | |
|---|---|
| fixed length control field | 01782 a2200253 4500 |
| 001 - CONTROL NUMBER | |
| control field | 35767 |
| 005 - DATE AND TIME OF LATEST TRANSACTION | |
| control field | 20260407155637.0 |
| 008 - FIXED-LENGTH DATA ELEMENTS--GENERAL INFORMATION | |
| fixed length control field | 260407a1996 arg spa d |
| 003 - CONTROL NUMBER IDENTIFIER | |
| control field | AR-UNSa-BCEJYS |
| 040 ## - CATALOGING SOURCE | |
| Original cataloging agency | AR-UNSa-BCEJYS |
| Language of cataloging | spa |
| Transcribing agency | AR-UNSa-BCEJYS |
| 080 ## - UNIVERSAL DECIMAL CLASSIFICATION NUMBER | |
| Universal Decimal Classification number | 658.56 |
| Common auxiliary subdivision | Control de la calidad. Control de herramientas y material |
| 020 ## - INTERNATIONAL STANDARD BOOK NUMBER | |
| International Standard Book Number | 950-537-315-5 |
| 041 ## - LANGUAGE CODE | |
| Language code of text/sound track or separate title | spa |
| 100 1# - MAIN ENTRY--PERSONAL NAME | |
| Personal name | Hermida, Jorge Alfredo |
| 245 10 - TITLE STATEMENT | |
| Title | Premio nacional a la calidad |
| Name of part/section of a work | sector privado |
| 264 #1 - PRODUCTION, PUBLICATION, DISTRIBUTION, MANUFACTURE, AND COPYRIGHT NOTICE | |
| Place of production, publication, distribution, manufacture | Buenos Aires : |
| Name of producer, publisher, distributor, manufacturer | Ediciones Macchi |
| Date of production, publication, distribution, manufacture, or copyright notice | 1996 |
| 300 ## - PHYSICAL DESCRIPTION | |
| Extent | xxix, 236 p. |
| Dimensions | 22 cm. |
| 505 ## - FORMATTED CONTENTS NOTE | |
| Formatted contents note | 1. Introducción - 2. Modelos de evaluación - 3. Asignación del puntaje: dimensiones e interrelación de factores - 4. Recomendaciones para organizar y confeccionar la aplicación - 5. Recomendaciones para evitar errores en las aplicaciones - 6. Interpretando el criterio: Liderazgo - 7. Interpretando el criterio: orientación hacia el cliente - 8. Interpretando el criterio: gestión para la calidad - 9. Interpretando el criterio: planeamiento estratégico - 10. Interpretando el criterio: sistema de información - 11. Interpretando el criterio: recursos humanos - 12. Interpretando el criterio: aseguramiento de la calidad - 13. Interpretando el criterio: responsabilidad social - 14. Interpretando el criterio: satisfacción de los clientes - 15. Interpretando el criterio: satisfacción del personal - 16. Interpretando el criterio: impacto en la sociedad - 17. Interpretando el criterio - 18. Análisis comparativo y comportamientos de premios muy difundidos |
| 590 ## - LOCAL NOTE (RLIN) | |
| Local note | niveau_biblio:m niveau_hierar:0 |
| 700 1# - ADDED ENTRY--PERSONAL NAME | |
| Personal name | Rico, Ruben Roberto |
| 700 1# - ADDED ENTRY--PERSONAL NAME | |
| Personal name | Irace, Antonio |
| 856 41 - ELECTRONIC LOCATION AND ACCESS | |
| Uniform Resource Identifier | <a href="https://biblioeco.unsa.edu.ar/pmb/images/libros/L125320.jpg">https://biblioeco.unsa.edu.ar/pmb/images/libros/L125320.jpg</a> |
| Link text | Imagen de portada |
| Electronic format type | image/jpeg |
| 942 ## - ADDED ENTRY ELEMENTS (KOHA) | |
| Koha item type | |
| Withdrawn status | Lost status | Damaged status | Not for loan | Home library | Current library | Shelving location | Date acquired | Total checkouts | Full call number | Barcode | Date last seen | Price effective from | Koha item type |
|---|---|---|---|---|---|---|---|---|---|---|---|---|---|
| Biblioteca Prof. Eusebio Cleto del Rey | Biblioteca Prof. Eusebio Cleto del Rey | 07/04/2026 | 658.56 R541 | L125320 | 07/04/2026 | 07/04/2026 | Libro | ||||||
| Biblioteca Prof. Eusebio Cleto del Rey | Biblioteca Prof. Eusebio Cleto del Rey | 07/04/2026 | 658.56 R541 | L65205 | 07/04/2026 | 07/04/2026 | Libro | ||||||
| Biblioteca Prof. Eusebio Cleto del Rey | Biblioteca Prof. Eusebio Cleto del Rey | 07/04/2026 | 658.56 R541 | L65206 | 07/04/2026 | 07/04/2026 | Libro |